| 000 | 00750nam a22002412 4500 | ||
|---|---|---|---|
| 001 | 0000002997 | ||
| 005 | 20151217151911.0 | ||
| 008 | 070425s xx 000 0 eng d | ||
| 020 |
_a0324225024 : _cGBP 42.99 |
||
| 040 |
_aKABU _cKABU |
||
| 050 | 0 |
_aHG4026 _b.B47 2005 |
|
| 100 | 1 |
_aBesley, Scott. _@0000152562 |
|
| 245 | 1 | 0 |
_aEssentials of managerial finance / _cScott Besley, Eugene F. Brigham. |
| 250 | _a13th ed. | ||
| 260 |
_aLondon : _bThomson, _c2005. |
||
| 300 | _axxiv, 808 p. | ||
| 650 | 0 |
_aCorporations _xFinance. _@0000007704 |
|
| 700 | 1 |
_aBrigham, Eugene F. _@0000152563 |
|
| 908 | _a070425 | ||
| 950 | _@1 | ||
| 999 |
_c6160 _d6160 |
||